Regionen von Ländern #3 - Statistiken

Allgemein
  • Dieses Quiz wurde 8.692 mal gespielt
  • Das Durchschnittsergebnis liegt bei 12 aus 21
Antwortstatistiken
Region Land % Korrekt
Utah Vereinigte Staaten
98%
Outback Australien
96%
Tirol Österreich
89%
Okinawa Japan
77%
Alberta Kanada
76%
Wu China
74%
Murmansk Russland
73%
Burgund Frankreich
69%
Java Indonesien
67%
Kent Vereinigtes Königreich
60%
Algarve Portugal
57%
Umbrien Italien
53%
Sinai Ägypten
51%
Wallachei Rumänien
49%
Tamil Nadu Indien
48%
County Kilkenny Irland
48%
Aragon Spanien
43%
Dry Pampas/Pampas Argentinien
41%
Durango Mexiko
32%
Darfur Sudan
21%
Waziristan Pakistan
19%
Keine übereinstimmenden Quizze gefunden
Verteilung der Resultate
Anzahl Personen mit jedem Resultat
Perzentil nach korrekt beantworteten Fragen
Ihre Resultats-Entwicklung
Sie haben dieses Quiz noch nicht gespielt